Central Library OPAC University of Rajshahi

English pronounced / (Record no. 43391)

MARC details
000 -LEADER
fixed length control field 00577nam a2200205 a 4500
001 - CONTROL NUMBER
control field 43391
003 - CONTROL NUMBER IDENTIFIER
rucl marc code BD-RjUL
005 - DATE AND TIME OF LATEST TRANSACTION
control field 20211209053706.0
008 - FIXED-LENGTH DATA ELEMENTS--GENERAL INFORMATION
fixed length control field 160621s1954 enk 000 0 eng
035 ## - SYSTEM CONTROL NUMBER
System control number (BD-RjUL)43509
040 ## - CATALOGING SOURCE
Original cataloging agency DLC
Transcribing agency CLS
Modifying agency Uk
-- BD-RjUL
Language of cataloging eng
041 ## - LANGUAGE CODE
Language code of text/sound track or separate title eng
082 ## - DEWEY DECIMAL CLASSIFICATION NUMBER
Edition number 23
Classification number 421.5
Author mark and year WHE 1954
100 2# - MAIN ENTRY--PERSONAL NAME
Personal name Whitaker-Wilson, C.
9 (RLIN) 133268
245 10 - TITLE STATEMENT
Title English pronounced /
Statement of responsibility, etc. By C. Whitaker-Wilson
260 ## - PUBLICATION, DISTRIBUTION, ETC. (IMPRINT)
Place of publication, distribution, etc. London :
Name of publisher, distributor, etc. Routledge & Paul,
Date of publication, distribution, etc. 1954
300 ## - PHYSICAL DESCRIPTION
Pagination vii, 88 p. ;
Size 17 cm.
650 #0 - SUBJECT ADDED ENTRY--TOPICAL TERM
Topical term or geographic name as entry element English language
General subdivision Pronunciation.
9 (RLIN) 117012
942 ## - ADDED ENTRY ELEMENTS (KOHA)
Source of classification or shelving scheme Dewey Decimal Classification
Koha item type Books
Holdings
Lost status Source of classification or shelving scheme Damaged status Not for loan Collection code Permanent Location Current Location Shelving location Date acquired Source of acquisition Cost, normal purchase price Total Checkouts Full call number Date last seen Copy number Koha item type
  Dewey Decimal Classification     Non-fiction Central Library, University of Rajshahi Central Library, University of Rajshahi   07/02/1956 ABC 14.00   421.5 WHE 1954 21/06/2016 C-2 Books
  Dewey Decimal Classification     Non-fiction Central Library, University of Rajshahi Central Library, University of Rajshahi   07/02/1956 Allib Book Corp. 14.00   421.5 WHE 1954 21/06/2016 C-3 Books